Les liaisons dangereuses
Salvato in:
| Autore principale: | |
|---|---|
| Natura: | Libro |
| Lingua: | Undetermined |
| Pubblicazione: |
London
Everyman's Library
1992
|
| Soggetti: | |
| Tags: |
Aggiungi Tag
Nessun Tag, puoi essere il primo ad aggiungerne! !
|
| Thư viện lưu trữ: | Trung tâm Học liệu Trường Đại học Cần Thơ |
|---|
| LEADER | 00545nam a2200181Ia 4500 | ||
|---|---|---|---|
| 001 | CTU_36054 | ||
| 008 | 210402s9999 xx 000 0 und d | ||
| 082 | |a 843.5 | ||
| 082 | |b L141 | ||
| 100 | |a Pierre Choderlos de Laclos | ||
| 245 | 0 | |a Les liaisons dangereuses | |
| 245 | 0 | |c Pierre Choderlos de Laclos, Richard Aldington | |
| 260 | |a London | ||
| 260 | |b Everyman's Library | ||
| 260 | |c 1992 | ||
| 650 | |a french fiction,french literature - 18th century | ||
| 904 | |i Minh, 000407 | ||
| 980 | |a Trung tâm Học liệu Trường Đại học Cần Thơ | ||